<?xml version="1.0" encoding="UTF-8"?>
<record
    xmlns:xsi="http://www.w3.org/2001/XMLSchema-instance"
    xsi:schemaLocation="http://www.loc.gov/MARC21/slim http://www.loc.gov/standards/marcxml/schema/MARC21slim.xsd"
    xmlns="http://www.loc.gov/MARC21/slim">

  <leader>00718nam a2200205Ia 4500</leader>
  <controlfield tag="001">64333</controlfield>
  <controlfield tag="003">OSt</controlfield>
  <controlfield tag="005">20160309142448.0</controlfield>
  <controlfield tag="008">150204s9999    xx            000 0 und d</controlfield>
  <datafield tag="020" ind1=" " ind2=" ">
    <subfield code="a">NA</subfield>
  </datafield>
  <datafield tag="040" ind1=" " ind2=" ">
    <subfield code="c">PK-LaUMT</subfield>
  </datafield>
  <datafield tag="082" ind1=" " ind2=" ">
    <subfield code="a"> 320.95491</subfield>
    <subfield code="b">SAL-P</subfield>
  </datafield>
  <datafield tag="100" ind1=" " ind2=" ">
    <subfield code="a">Salman Abid</subfield>
  </datafield>
  <datafield tag="245" ind1=" " ind2=" ">
    <subfield code="a">(&#x67E;&#x627;&#x6A9;&#x633;&#x62A;&#x627;&#x646; &#x6A9;&#x627; &#x646;&#x6CC;&#x627; &#x633;&#x6CC;&#x627;&#x633;&#x6CC; &#x646;&#x638;&#x627;&#x645; &#x627;&#x648;&#x631; &#x645;&#x642;&#x627;&#x645;&#x6CC; &#x62D;&#x6A9;&#x648;&#x645;&#x62A;&#x648;&#x6BA; &#x6A9;&#x627; &#x6A9;&#x631;&#x62F;&#x627;&#x631;)Pakistan ka niya siyaasi nazam aur maqami hokumaton ka kardar (Urdu)</subfield>
    <subfield code="c">(&#x633;&#x644;&#x645;&#x627;&#x646; &#x639;&#x627;&#x628;&#x62F;)Salman Abid</subfield>
  </datafield>
  <datafield tag="260" ind1=" " ind2=" ">
    <subfield code="a">(&#x644;&#x627;&#x6C1;&#x648;&#x631;&#x60C; &#x67E;&#x627;&#x6A9;&#x633;&#x62A;&#x627;&#x646;)Lahore,Pakistan:</subfield>
    <subfield code="b">(&#x62C;&#x645;&#x6C1;&#x648;&#x631;&#x6CC; &#x67E;&#x628;&#x644;&#x6CC;&#x6A9;&#x6CC;&#x634;&#x646;&#x632;)Jumhoori Publications,</subfield>
    <subfield code="c">2007</subfield>
  </datafield>
  <datafield tag="300" ind1=" " ind2=" ">
    <subfield code="a">159 p.</subfield>
  </datafield>
  <datafield tag="546" ind1=" " ind2=" ">
    <subfield code="a">UR</subfield>
  </datafield>
  <datafield tag="650" ind1=" " ind2=" ">
    <subfield code="a">Politics-Pakistan</subfield>
  </datafield>
  <datafield tag="942" ind1=" " ind2=" ">
    <subfield code="c">BK</subfield>
    <subfield code="2">ddc</subfield>
  </datafield>
  <datafield tag="999" ind1=" " ind2=" ">
    <subfield code="c">65482</subfield>
    <subfield code="d">65482</subfield>
  </datafield>
  <datafield tag="952" ind1=" " ind2=" ">
    <subfield code="0">0</subfield>
    <subfield code="1">0</subfield>
    <subfield code="4">0</subfield>
    <subfield code="7">0</subfield>
    <subfield code="a">01</subfield>
    <subfield code="b">01</subfield>
    <subfield code="d">2015-02-04</subfield>
    <subfield code="l">4</subfield>
    <subfield code="o"> 320.95491 SAL-P</subfield>
    <subfield code="p">88677</subfield>
    <subfield code="r">2022-12-08 00:00:00</subfield>
    <subfield code="s">2022-09-16</subfield>
    <subfield code="w">2015-02-04</subfield>
    <subfield code="y">BK</subfield>
  </datafield>
</record>
